| 000 | 00755nam a2200217Ii 4500 | ||
|---|---|---|---|
| 003 | JO-AjNU | ||
| 008 | 230605s9999||||xx |||||||||||||| ||und|| | ||
| 017 | _a2010/5/1876 | ||
| 040 |
_aJO-AjNU _bara _erda _cJO-AjNU |
||
| 041 | _aara | ||
| 050 | 1 | 4 | _aHF5686.C7.A284 2011 |
| 100 | 3 |
_aابو هيبة، حامد طلبة محمد, _eauthor _930032 |
|
| 245 | 0 | 0 | _aمحاسبة الشركات : الاشخاص - الاموال |
| 250 | _aط1 | ||
| 264 | 3 | 1 | _aعمان: زمزم ناشرون وموزعون، 2011 |
| 300 |
_a408ص _bيحتوي على ببلوغرافية من ص407-408ص |
||
| 336 |
_atext _btxt _2rdacontent |
||
| 337 |
_aunmediated _bn _2rdamedia |
||
| 338 |
_avolume _bnc _2rdacarrier |
||
| 650 | 4 |
_aمحاسبة الشركات _930033 |
|
| 999 |
_aA11857 _c15425 _d15425 |
||